000 00327nam a2200145Ia 4500
100 _aShotwell/Allen R
942 _cBK
366 _f15
654 _afibre
245 _aIntroduction to Fibre Optics
260 _bPrentice Hall of India
_aNew Delhi
_c1997
082 _a621.380/SHO
_bSHO
300 _a173
546 _aENGLISH
999 _c33462
_d33462